Ways of Knowing : Anthropological Approaches to Crafting Experience and Knowledge /

Obra que reúne las ponencias presentadas en la Conferencia titulada Formas de Conocer, que organizó en enero de 2005 el Departamento de Antropología Social, de la Universidad de San Andrés, en Scotland. Los planteamientos abordan las formas en que las sociedades construyen y asimilan sus conocimient...

Descripció completa

Guardat en:
Dades bibliogràfiques
Autor corporatiu: Conference Ways of Knowing ( University of St Andrews)
Altres autors: Harris, Mark (edición) (edición)
Format: Actes de congresos Llibre
Idioma:anglès
Publicat: Nueva York, EUA : Berghahn Books, 2007, c2007
Col·lecció:(Methodology and History in Anthropology ; 18)
Matèries:
Etiquetes: Afegir etiqueta
Sense etiquetes, Sigues el primer a etiquetar aquest registre!

MARC

LEADER 00000nam^a2200000^a^4500
001 000273029
005 20250521000000.0
009 20260310111119.393
020 |a 978-1-84545-364-0 
037 |a Acervo ITESO - Biblioteca 
041 |a ING 
082 |a 306. 42  |b CON 2005 
111 |a Conference Ways of Knowing (  |d 2005 :  |c University of St Andrews) 
245 1 0 |a Ways of Knowing :  |b Anthropological Approaches to Crafting Experience and Knowledge /  |c Ed. de M. Harris. 
246 2 |a Título en la cubierta: Ways of Knowing: New Approaches in the Anthropology of Experience and Learning 
264 4 |a Nueva York, EUA :  |b Berghahn Books,  |c 2007, c2007 
300 |a XII, 340 p. 
336 |a texto  |b txt  |2 rdacontenido 
337 |a sin mediación  |b n  |2 rdamedio 
338 |a volumen  |b nc  |2 rdasoporte 
440 1 |a (Methodology and History in Anthropology ;  |v 18) 
520 |a Obra que reúne las ponencias presentadas en la Conferencia titulada Formas de Conocer, que organizó en enero de 2005 el Departamento de Antropología Social, de la Universidad de San Andrés, en Scotland. Los planteamientos abordan las formas en que las sociedades construyen y asimilan sus conocimientos, desde una perspectiva antropológica. 
649 |a XX 
650 |a Conocimiento -  |x Congresos -  |x Tema Principal 
650 |a Epistemología 
650 |a Percepción 
650 |a Aprendizaje 
650 |a Experiencia 
650 |a Psicología Cognitiva 
650 |a Religión 
650 |a Etnografía 
650 |a Antropología 
650 |a Sociología del Conocimiento 
700 |a Harris, Mark  |e (edición) 
910 |a Fondo General 
920 |a Impresos - Libros 
930 |a Colección General 
905 |a 101 
901 |a 0500158680  |b IT1  |c ACC  |u 20250521 
902 |a https://opac.biblio.iteso.mx/vufind/Record/000273029